000 01091 a2200241 4500
003 NUST
005 20221224155102.0
010 _a 99052312
020 _a0890065306 (alk. paper)
040 _cNust
082 0 0 _a621.3845,VAN
100 1 _a van. Richard Nee
_9105829
245 1 0 _aOFDM for wireless multimedia communications /
_cRichard van Nee, Ramjee Prasad.
260 _aBoston :
_bArtech House,
_c2000.
300 _axvii, 260 p. :
_bill. ;
_c24 cm.
505 _aIntroduction (Page-1), OFDM Basics (Page-33), Coding And Modulation (Page-51), Synchronization (Page-73), Coherent And Differential Detection (Page-95), The Peak Power Problem (Page-119), Basics Of CDMA (Page-155), Multi-Carrier CDMA (Page-179), Orthogonal Frequency Division Multiple Access (Page-213), Applications Of OFDM (Page-229).
650 0 _aMultimedia systems.
_936511
650 0 _aOrthogonal frequency division multiplexing.
_9105830
650 0 _aOrthogonalization methods.
_9105831
650 0 _aWireless communication systems.
_9594
700 1 _aPrasad, Ramjee.
942 _2ddc
_cBK
_k621.3845,VAN
999 _c183795
_d183795